Elektronické aukcie: cesta k transparentnosti, súťaživosti a efektívnemu nakladaniu s verejnými prostriedkami manuál pre používateľov

Bibliographic Details
Main Authors: Riapošová, Ľuboslava (Author), Sičáková-Beblavá, Emília, 1975- (Author)
Format: Book
Language:Slovak
PhysicalDescription:32 s. ilustr., sch., tab. 24 cm
Published: Prešov Adin 2013
ISBN:9788089540327
Subjects:

MARC

LEADER 00000nam a2200000 a 4500
001 vtls010612873
003 SK-MaSNL
005 20260301175005.0
008 240318s2013 xo a g 000 0 slo
015 |a SNBA2014/08 
020 |a 9788089540327  |q (brož.) 
035 |a 682A9FCD-A333-43CC-BD74-31702F4DC7F5 
035 |a urn:nbn:sk:snk-amkctk 
035 |a urn:nbn:sk:snk-am003dn1 
040 |a SNK  |b slo  |c SNK  |e AACR2 
041 0 |a slo 
043 |a e-xo--- 
044 |a xo  |c SK 
072 7 |a 339.3  |x Vnútorný obchod  |2 konspekt 
072 7 |a 347  |x Súkromné právo  |2 konspekt 
080 |a 339.375:004.738.5  |2 2001 
080 |a 347.451.6:004.738.5  |2 2001 
080 |a (437.6)  |2 2001 
080 |a (035)  |2 2001 
080 |a 347.7  |2 2001 
080 |a 351.71  |2 2001 
100 1 |a Riapošová, Ľuboslava  |4 aut  |9 548232 
245 1 0 |a Elektronické aukcie: cesta k transparentnosti, súťaživosti a efektívnemu nakladaniu s verejnými prostriedkami  |b manuál pre používateľov  |c Ľuboslava Riapošová, Emília Sičáková-Beblavá 
260 |a Prešov  |b Adin  |c 2013 
300 |a 32 s.  |b ilustr., sch., tab.  |c 24 cm 
500 |a Vyd. pre Transparency International Slovensko 
504 |a Bibliogr. odkazy ; bibliogr.: s. 31 ; pozn. 
650 0 7 |a internetové aukcie  |2 SNKH  |9 81409 
650 0 7 |a Internet auctions  |2 SNKHeng  |9 483052 
650 0 7 |a verejné obstarávanie  |2 SNKH  |9 4221 
655 7 |a príručky  |2 SNKPH  |9 74364 
655 7 |a Handbooks, manuals, etc.  |2 SNKPHeng  |9 90964 
700 1 |a Sičáková-Beblavá, Emília,  |d 1975-  |4 aut  |9 223301 
710 2 |a Transparency International Slovensko  |4 pbl  |9 73357 
919 |a 978-80-89540-32-7 
958 |a NB 
999 |c 841305  |d 843235 
952 |a SNK  |b SNK  |y PREZ  |7 0  |p 17A1114380  |o snkSC 160531  |i snk2014/16565  |8 0  |0 0  |1 0  |4 0  |d 2014-08-05  |f 1  |l 0  |r 2025-08-22 00:00:00  |w 2026-02-24 
952 |a SNK  |b SNK  |y VYP  |7 0  |p 17A1114381  |o snkSC 160531 D1  |i snk2014/16566  |8 0  |0 0  |1 0  |4 0  |d 2014-08-05  |l 0  |r 2026-02-24 04:10:56  |w 2026-02-24